| 000 | 01023nam a2200361 a 4500 | ||
|---|---|---|---|
| 003 | AR-BaBNM | ||
| 005 | 20251128205150.0 | ||
| 008 | 082120s2002 ||||||||||||||000 | spa|| | ||
| 020 | _a0-326-6060 | ||
| 040 | _cAR-BaBNM | ||
| 110 | 2 | _aUniversidad Nacional de Luján | |
| 245 | 0 | 0 |
_aCuadernos de historia regional _n9 |
| 250 | _a1ª ed. | ||
| 260 |
_aBuenos Aires _bEudeba _c1987 |
||
| 300 | _a92 p. | ||
| 500 | _aActualización de publicaciones | ||
| 504 | _aBibliografía en cada artículo | ||
| 650 | 4 | _aINMIGRACION EN ARGENTINA | |
| 650 | 4 | _aHISTORIA SOCIAL | |
| 650 | 4 | _aHISTORIA ECONOMICA | |
| 650 | 4 | _aHISTORIA DE LA EDUCACION | |
| 650 | 4 | _aHISTORIOGRAFIA | |
| 650 | 4 | _aHISTORIA POLITICA ARGENTINA | |
| 650 | 4 | _aHISTORIA DE LA EDUCACION | |
| 650 | 4 | _aHISTORIA DE LAS IDEAS | |
| 700 | 1 | _aAmuchastegui, Martha | |
| 700 | 1 | _aQuattrocchi de Woisson, Diana | |
| 700 | 1 | _aPagano, Nora C. | |
| 700 | 1 | _aBarbero, María Inés | |
| 700 | 1 | _aRoldán, Darío | |
| 942 | _cBK | ||
| 998 | _cmariana | ||
| 999 |
_c10255 _d10255 |
||